000 00692nam a2200217Ia 4500
003 GCL
008 140319s9999 xx 000 0 ara d
040 _aGCL /
_cGCL
082 0 4 _a843.9
_bك غ
100 1 _aكامو، البير
245 1 0 _aالغريب /
_cكامو، البير
700 1 _aعايدة مطرجى ادريس
250 _aالرابعة
260 _aبيروت :
_bالمكتبة الثقافية ،
_c1990
300 _a117 ص ؛
_c25 سم
490 _aسلسلة القصة العالمية
_v0
650 0 4 _aالادب الفرنسى
650 0 4 _aالقصص الفرنسية
650 0 4 _aالقصص الفرنسية المترجمة
942 _2ddc
_cBK
999 _c57914
_d57914